[Event "Turnier 40 / 120"]
[Site "Wien"]
[Date "2021.11.08"]
[Round "48"]
[White "MCGP 120 MHZ"]
[Black "MCGE 300 MHZ"]
[Result "1/2-1/2"]
[BlackElo "2412"]
[WhiteElo "2301"]

1. e4 c5 2. Nf3 g6 3. c4 Nc6 4. d4 cxd4 5. Nxd4 Nf6 6. Nc3 d6 7. Nc2 Bg7 8.
Be2 Nd7 9. Bd2 a5 10. O-O {Buchende} Nc5 {Buchende} 11. f3 {Buchbewertung
MCGP -0,21} a4 {Buchbewertung MCGE +0,06, lt. Stockfish steht Weiss etwas
besser mit ca. +0,50.} 12. Rc1 O-O 13. Be3 Bxc3? {ein schlechter Zug, der
Doppelbauer ist den starken Läufer keinesfalls wert, Stockfish +1,00 für
Weiss.} 14. bxc3 Qa5 15. Qd2 Bd7 16. Rb1 Ne5 17. Bg5 {deutlich besser ist
Sb4, nach dem Textzug ist die Stellung im Lot mit der Fortsetzung f6.} Rfe8
18. Rb4 {die Stellung ist exakt im Lot, Stockfish 0,00.} Qa7 19. Be3 a3 20.
Rfb1 Bc6 21. Bd4 Qa5 22. Qh6 f6 23. Rd1 Rec8 24. Rd2 b6 25. Qh4 Rab8 26.
Ne3 Ne6 27. Nd5 Bxd5 28. exd5 Nxd4 29. Qxd4 {die Stellung ist immer noch
exakt im Lot, Stockfish 0,00.} Qc5 30. f4 Nd7 31. Rb5 Qc7 32. Rd1 Nc5 33.
Rdb1 f5 34. Bf3 Na4 35. R1b4 Qa7 36. Bd1 Nb2 37. Be2 Na4 38. h4 Nc5 39. h5
Kf7 {ein schwacher Zug, hier gelangt Weiss mit der Fortsetzung h6 in
Vorteil mit ca. +1,00 lt. Stockfish, nach Tf8 ist die Stellung im Lot.} 40.
Bd1 Qb7? {noch ein schwacher Zug, deutlich besser ist Se4 mit Ausgleich für
Schwarz, nach dem Textzug steht Weiss klar besser mit +1,10 mit der
Fortsetzung h6.} 41. Rb1 Qa6? {besser ist Te8.} 42. h6 Rg8 43. Bc2 Rb7
{eine weitere Ungenauigkeit, die den weissen Vorteil vergrössert, Stockfish
+1,70 mit der Fortsetzung Te1, besser ist Ke8.} 44. Kh1? {besser ist g4.}
Qa8 45. Qf2 Qb8 46. Kg1 Qf8 47. Qh4 Qa8 {besser ist Dc8.} 48. Qe1 Qa6? {ein
wahrer Megabock, der die Partie sofort verliert, Stockfish +7,00 für Weiss
mit der Fortsetzung Txc5 und Schwarz kann aufgeben.} 49. Qe2? {leider
verpasst der Aussenseiter diese Riesenchance, natürlich bleibt Weiss aber
klar im Vorteil mit ca. +2,00.} Ke8 50. Qd2 {weit besser ist g4.} Kf7
{besser ist Da8.} 51. Qe3 Ra8? {beide Geräte sind mit dieser Stellung klar
überfordert, der nächste Megabock, der sofort verliert, 52. g4 und Schwarz
kann aufgeben, Stockfish +6,50 für Weiss.} 52. R1b4 {deutlich schwächer als
g4, aber immer noch klar gewonnen für Weiss, Stockfish +3,60.} Qa7 53. Qf3?
{ein Megabock, der auf einen Schlag den gesamten Vorteil verspielt,
Stockfish 0,00 mit der Fortsetzung Db8, nötig war wieder g4 und Weiss
gewinnt leicht.} Rf8 {auch nach dieser Fortsetzung ist die Stellung im
Lot.} 54. Qd1 Kg8 55. Kh1 Rbb8 56. Qd4 Rf6 57. Rb1 Qc7 58. Qe3 Kf7
{verpasst klaren Vorteil mittels e5.} 59. R5b4 Kg8 60. Re1 Kf7 61. Kg1 Qd7
62. Reb1 Qc7 63. Ba4 Kg8 64. Re1 Kf7 65. Bc6 Kf8 66. Kh1 Kf7 67. Kh2 Qd8
68. Kg1 Qc7 69. Rb5 Qa7 70. Reb1 Kg8 71. Qd2 Qc7 72. Qc1 Ne6 73. Qe3 Nc5
74. R5b4 Qa7 75. Re1 Rf7 76. Rf1 Rf6 77. Qd4 Qc7 78. Rfb1 Rf7 79. Qe3 Rf6
80. Kh1 e5 81. fxe5 dxe5 82. Qg5 {und nun verliert sogar Weiss noch,
Stockfish +4,00 für Schwarz mit der Fortsetzung Tf7, nach Dxc5 ist die
Partie Remis.} Ne4? {verpasst den Sieg !} 83. Qe3 Nc5 84. Qg5 {beide
Programme haben von dieser Stellung keine Ahnung, folglich wird natürlich
der gleiche Fehler wiederholt, wieder gewinnt Tf7 sofort, doch beide Geräte
bewerten hier mit 0,00 und sehen nur Remis durch Stellungswiederholung.}
Ne4 85. Qe3 Nc5 {wahrlich eine Erlösung für den Benutzer ist die 3malige
Stellungswiederholung, die diese Schauderhafte Partie beendet, das einzig
Positive daran ist wohl das Ergebnis, diese Leistungen von beiden hat
wahrlich keinen Sieger verdient. Stellungswiederholung} 1/2-1/2
[/pgn]
[pgn]

[Event "Turnier 40 / 120"]
[Site "Wien"]
[Date "2021.11.09"]
[Round "49"]
[White "MCGE 300 MHZ"]
[Black "MCGP 120 MHZ"]
[Result "1-0"]
[BlackElo "2301"]
[WhiteElo "2412"]

1. d4 Nf6 2. g3 e6 3. Bg2 d5 4. Nf3 Nbd7 5. c4 Be7 6. O-O dxc4 {Buchende}
7. Nbd2 {Buchende} b5 {Buchbewertung MCGP -0,17} 8. Ne5 {Buchbewertung MCGE
+0,42 / lt. Stockfish ist die Stellung ausgeglichen.} Nxe5 9. Bxa8 Qxd4 10.
Nf3 Nxf3+ 11. Bxf3 Qb6 12. a4 a6 {deutlich besser ist b4.} 13. axb5 axb5
14. Be3 {Weiss steht etwas besser mit +0,80 lt. Stockfish.} c5 {besser ist
Lc5} 15. Qd2 O-O? {mehrere Ungenauigkeiten summieren sich hier schon zu
einer klaren Gewinnstellung für Weiss, deutlich besser war hier Sd5,
Stockfish +2,70 für Weiss mit der Fortsetzung Da5.} 16. Qa5 Qxa5 17. Rxa5
Nd5? {nochmals eine Bauerneinheit schwächer als Ld7, Stockfish +3,70 für
Weiss.} 18. Rxb5 Nxe3 19. fxe3 Rd8 20. Rb8 f5 21. Ra1 Kf7 22. Kf2 Bd7 23.
Rb7 e5 24. Raa7 e4 25. Rxd7 Rxd7 26. Rxd7 exf3 27. Kxf3 Ke6 28. Rd1
{deutlich besser ist Tb7, aber natürlich gewinnt auch diese Fortsetzung.}
Bf6 29. Rd2 Ke5 30. Rc2 Kd5 31. Kf4 g6 32. e4+ fxe4 33. Rd2+ Kc6 34. Kxe4
c3 35. bxc3 Bxc3 36. Ra2 g5 37. Ra6+ Kb5 38. Rh6 c4 39. Rxh7 Ba5 40. Rh5
Bd8 41. h4 c3 42. Kd3 Kc5 43. hxg5 Kd6 44. g6 Bf6 45. Rh7 {Rest geschenkt.}
1-0
[/pgn]
[pgn]

[Event "Turnier 40 / 120"]
[Site "Wien"]
[Date "2021.11.09"]
[Round "50"]
[White "MCGP 120 MHZ"]
[Black "MCGE 300 MHZ"]
[Result "0-1"]
[BlackElo "2412"]
[WhiteElo "2301"]

1. c4 Nf6 2. Nf3 b6 3. d4 e6 4. a3 Bb7 5. Nc3 d5 6. Bg5 Be7 7. Qa4+ c6 8.
Bxf6 Bxf6 9. cxd5 exd5 10. g3 O-O 11. Bg2 c5 12. Rd1 {Buchende} Qe7
{Buchende} 13. e3 {Buchbewertung MCGP +0,03} Na6 {Buchbewertung MCGE 0,00 /
lt. Stockfish ist die Stellung etwa gleich.} 14. O-O Nc7 15. Rd2 Rfe8 16.
Qc2 Rad8 17. Rfd1 c4 18. a4 a6 19. b3 b5 20. axb5 axb5 21. bxc4 dxc4 22.
Ng5 Bxg5 23. Bxb7 b4 24. Ne2 {besser ist Se4.} c3 25. Rd3 Qe6 26. Qa4 Rb8
27. Bf3 {deutlich besser ist Lc6. Stockfish +2,00 für Schwarz mit der
Fortsetzung Sd5.} Rec8 {schwächer als Sd5, Schwarz ist noch mit ca. +1,00
im Vorteil.} 28. d5? {ein schwacher Zug, Stockfish +2,00 für Schwarz mit
der Fortsetzung De8, Stockfish hätte hier übrigens Sxc3 ! gespielt mit
einer Bewertung von +1,00 für Schwarz.} Qd6 29. Rd4 {auch hier ist Sxc3
noch die beste Wahl.} Ne8 {besser ist Sa6.} 30. Qb3 {besser ist Tb1,
Stockfish +3,50 für Schwarz mit der Fortsetzung Lf6.} Bf6 {MCGE macht den
richtigen Zug, sieht sich aber sogar knapp im Nachteil mit -0,28.} 31. Rc4
Rxc4 32. Qxc4 Qd7 {besser ist Dc7.} 33. Kg2 Nd6 34. Qb3 Qc7 35. Nc1
{deutlich besser ist Ta1.} c2 36. Rd2 Rc8 37. Bg4 Qc3 38. Qxc3 Rxc3 39. Bd7
Rc5 40. Ba4 Bb2 41. Ne2 c1=Q 42. Nxc1 Bxc1 43. Rd4 Ba3 44. e4 f6 45. Rd3
Bb2 46. f3 Ra5 47. Bb3 Ra3 48. h4 Bc3 49. Bd1 Kf8 50. h5 Nc4 51. d6 Be5 52.
Bb3 Nxd6 53. f4 Bc3 54. Bd5 Be1 55. Rf3 Rc3 56. e5 Nb5 57. exf6 gxf6 58.
Rf1 Rxg3+ 59. Kh2 Re3 60. Rg1 Nd4 61. Rg8+ Ke7 62. Bc4 b3 63. Rb8 Bg3+ 64.
Kg2 Bxf4 {Rest geschenkt.} 0-1
[/pgn]
[pgn]

[Event "Turnier 40 / 120"]
[Site "Wien"]
[Date "2021.11.10"]
[Round "51"]
[White "MCGE 300 MHZ"]
[Black "MCGP 120 MHZ"]
[Result "1/2-1/2"]
[BlackElo "2301"]
[WhiteElo "2412"]

1. b4 e5 2. a3 d5 3. Bb2 Nd7 {Buchende} 4. e3 {Buchende} c6 {Buchbewertung
MCGP +0,15} 5. Nf3 {Buchbewertung MCGE -0,04, lt. Stockfish steht Schwarz
etwas besser mit ca. +0,50} e4 {besser ist Ld6.} 6. Nd4 Ngf6 7. Be2 c5
{besser ist a5 mit leichtem Vorteil für Schwarz., die Stellung ist im Lot.}
8. bxc5 Bxc5 9. Nb3 Bd6 10. Nc3 O-O 11. d3 Qb6 12. dxe4 dxe4 13. Nd5 Qd8
14. c4 b6 15. O-O Bb7 16. f4 Nxd5 17. cxd5 Nf6 18. Qd2 Be7 19. d6
{schwächer als Tfd1.} Qxd6 20. Qxd6 Bxd6 21. Bxf6 gxf6 22. Rfd1 Rfd8 23.
Rac1 {Schwarz hat einen Mehrbauern und das starke Läuferpaar, Stockfish
schätzt diese Stellung zu meiner Überraschung mit "nur" +0,70 für Schwarz
ein.} Rac8 24. Rxc8? {deutlich schwächer als Kf2 nun ist Schwarz schon klar
im Vorteil mit +1,30.} Bxc8 25. Rd4? {gleich noch ein schlechter Zug
hinterher, weit mehr Widerstand bot noch g4, Stockfish +2,50 für Schwarz
mit der Fortsetzung f5, die Partie ist praktisch verloren für Weiss.} f5
26. Kf2 Be6 27. Bd1 Rd7 {stärker ist Kf8, Stockfish +1,70 für Schwarz.} 28.
a4 Kg7 29. Rd2 {deutlich besser ist h3.} Bb4 30. Rxd7 Bxd7 {das Endspiel
ist klar gewonnen für Schwarz, Stockfish +2,50.} 31. Nd4 Bc5 32. Bb3? {auch
das ist nochmals ein ganz schlechter Zug, Lxd4 und es ist wohl endgültig
vorbei für Weiss, Schwarz hat dann noch einen gedeckten Freibauern da kann
schwarz schon aufgeben, Stockfish +4,50 für Schwarz, das beste war noch
Sb5, aber auch da ist nicht mehr viel zu retten für Weiss.} a5 33. Nb5 Bxb5
34. axb5 Kf6 35. h3 Kg6 36. g4 fxg4 37. hxg4 {trotz ungleicher Läufer ist
die Partie gewonnen für Schwarz, Stockfish +3,20 mit der Fortsetzung Lb4.}
h6 38. Bd5 f5! {besiegelt die Niederlage für Weiss, Schwarz hat auf beiden
Seiten einen Freibauern und ist auf dem Punkt e3 drauf, der König kann
nicht weg und der weisse Läufer kann sich nicht in 2 Hälften teilen, diese
Stellung ist hoffnungslos für Weiss.} 39. gxf5+ Kxf5 40. Bb3 h5 41. Bg8 a4
42. Bh7+ Kf6 43. Bxe4 {MCGE berurteilt diese Stellung trotz grösserer
Rechentiefe weit schlechter als sein kleiner Bruder, er sieht sich hier nur
mit -0,28 im Nachteil, während der MCGP schon klaren Vorteil sieht mit
+1,20. (Stockfish +5,00 für Schwarz).} h4 44. Bb1 a3 45. Kf3 h3 {Stockfish
+8,00 für Schwarz, der Favorit hat immer noch keine Ahnung von dieser
Stellung nur -0,23.} 46. e4 Be3? {mit diesem MEGABOCK, man kann es nicht
anders nennen, vergibt Schwarz den Sieg, Ld6 und Weiss kann aufgeben, das
berwertet Stockfish bereits mit +10,00 für Schwarz, nach dem Textzug fällt
die Bewertung sofort auf 0,00.} 47. e5+ Ke7 48. f5 Bd4 49. e6 Be5 50. Kf2
Kf6 51. Kg1 Bf4 {MCGP +1,46 glaubt hier noch an einen Sieg.} 52. Kf2 {MCGE
-0,26 sieht nur noch unbedeutenden Nachteil, Stockfish und meine Wenigkeit
0,00, daher Userentscheid: Remis.} 1/2-1/2
[/pgn]
[pgn]

[Event "Turnier 40 / 120"]
[Site "Wien"]
[Date "2022.02.11"]
[Round "52"]
[White "MCGP 120 MHZ"]
[Black "MCGE 300 MHZ"]
[Result "1/2-1/2"]
[BlackElo "2405"]
[WhiteElo "2291"]

1. Nf3 Nf6 2. g3 c5 3. Bg2 g6 4. O-O Bg7 5. d4 cxd4 6. Nxd4 O-O 7. c4 Nc6
8. Nc3 Nxd4 9. Qxd4 d6 10. Qh4 {Buchende} Be6 11. Bxb7 {Buchbewertung MCGP:
+0,15} Rb8 {Buchende} 12. Bd5 Bxd5 {Buchbewertung MCGE: -0,15 / lt.
Stockfish ist die Stellung exakt ausgeglichen, 0,00} 13. cxd5 Qa5 14. Rd1
Rfc8 15. Rd3 Rc7 16. Kf1 Rb4 17. Rd4 g5? {ein ganz schlechter Zug, der
Weiss klar in Vorteil bringt, Stockfish +2,00 mit der Fortsetzung Lxg5,
nötig war natürlich Txd4 und die Stellung ist im Lot} 18. Bxg5 Rxb2 19. Nd1
Rb5 20. Bd2 Qb6 21. Nc3 Rb2 22. Na4 Rb1+ 23. Kg2 Qb7 24. Rxb1 Qxb1 25. Rb4
Qc2 26. Rb2 Qf5 27. Rb8+ Rc8 28. e4? {ein schwacher Zug, der einen
Grossteil des Vorteils verspielt, Stockfish nur noch +0,50 für Weiss, nach
Txc8 wäre Weiss bereits entscheidend im Vorteil mit ca. +2,50} Qd7 29.
Rxc8+ {besser ist Tb4, die Stellung ist im Lot} Qxc8 30. Nc3 Qc4 31. Qf4
Nd7 32. Qg4 Ne5 33. Qd1 Qd4 34. Qe2 Nd3 35. Kf1 Qc4 36. Nd1 Bd4? {deutlich
besser ist Kf8, nach dem Textzug ist Weiss klar im Vorteil mit ca. +1,60
mit der Fortsetzung Lh6} 37. f3? {deutlich schwächer als Lh6, Stockfish
+0,60 für Weiss} Bc5 {deutlich besser ist f6, Weiss ist wieder im Vorteil
mit +1,50} 38. Be3 Kf8 39. Bf2 {deutlich besser ist Lxc5, Stockfish +0,50
für Weiss} a5? {beider Geräte haben kein Verständnis für diese Stellung,
deutlich besser ist Db5, nach dem Textzug ist Weiss wieder mit +2,20 im
Vorteil mit der Fortsetzung Lxc5} 40. Be3? {wieder wird Lxc5 verschmäht,
die Stellung ist im Lot, Stockfish 0,00} a4 41. Nf2 Bxe3 42. Qxd3 Qc1+ 43.
Nd1 Bb6 44. Kg2 Kg8 45. f4 Bc5 46. Kf3 Bg1 47. h3 Bc5 48. Ke2 Qa1 49. Qd2
Qb1 50. Kf3 a3 51. g4 Bb4 52. Qe2 Bc5 53. Nf2 Qa1 54. f5 Qc3+ 55. Nd3 Bd4
{die Stellung ist immer noch im Lot, Stockfish 0,00} 56. Qd1 {besser ist
g5, nach dem Textzug ist Schwarz im Vorteil mit +1,00} Bf6 57. Kf4 Qc4 58.
Qb1? {ein ganz schwerer Fehler, der die Partie verliert, Stockfish +5,00
für Schwarz mit der Fortsetzung h6} Qc3 {MCGE sieht den Gewinn nicht, er
sieht hier ein Remis und bewertet mit 0,00, lt. Stockfish ist Schwarz noch
mit +1,50 im Vorteil} 59. Qd1 Qc4 {MCGE erkennt keinen Vorteil und spielt
auf Remis durch Stellungswiederholung.} 60. Qb1 Qc3 61. Qd1
{Stellungswiederholung} 1/2-1/2
[/pgn]
[pgn]

[Event "Turnier 40 /120"]
[Site "Wien"]
[Date "2022.02.11"]
[Round "53"]
[White "MCGE ARM CORTEX M7 - 300 MHZ "]
[Black "MCGP ARM CORTEX M4 - 120 MHZ"]
[Result "1-0"]
[BlackElo "2291"]
[WhiteElo "2405"]

1. d4 Nf6 2. g3 g6 3. c4 c6 4. Nc3 d5 {Buchende} 5. Qb3 {Buchende} Bg7
{Buchbewertung MCGP: +0,09} 6. Bg2 {Buchbewertung MCGE +0,12 / lt.
Stockfish ist die Stellung etwa gleich} dxc4 7. Qxc4 Nbd7 8. Nf3 Nb6 9. Qd3
Bf5? {ein schwacher Zug, der logischerweise mit e4 vorteilhaft für Weiss
pariert wird, Stockfish +1,30, deutlich besser ist Lg4 mit nur geringem
Vorteil für Weiss.} 10. e4 Bg4 11. Bg5 {deutlich besser ist 0-0, damit ist
Weiss nur knapp im Vorteil mit ca. +0,30} h6 12. Bf4 Nh5 13. Be3 O-O 14.
O-O Qd7 15. Ne2 c5 16. Rfd1 cxd4 17. Bxd4 Rfc8 18. Qb3 Qa4? {besser ist
De6, nach dem Textzug ist Weiss klar im Vorteil mit ca. +1,80 mit der
Fortsetzung e5} 19. Qxa4? {ein schwacher Zug, der nahezu den gesamten
Vorteil verschenkt, Stockfish +0,40 für Weiss} Nxa4 20. Bxg7 Nxg7 {die
Stellung ist im Lot} 21. Rd2 Rc5 22. b3 Nb6 23. Rc1 Rxc1+ 24. Nxc1 Rc8 25.
Ne2 Ne6 26. Kf1 Bxf3 27. Bxf3 Rc7 28. Bg2 Rd7 29. Rxd7 Nxd7 30. f4 b6 31.
e5 a5 32. Kf2 Kg7 33. Ke3 g5? {ein ganz schwacher Zug, der die Partie
bereits verliert, Stockfish +2,40 für Weiss mit der Fortsetzung Sd4, nötig
war Sc7 mit leichtem Vorteil für Weiss} 34. Bc6? {vergibt klaren Vorteil,
Stockfish +1,00 für Weiss} Nb8 35. Bf3 Nd7 {deutlich besser ist gxf4,
Stockfish +2,30 für Weiss mit der Fortsetzung Sd4} 36. h4? {ein ganz
schwacher Zug, um ganze 2 Bauerneinheiten schlechter als Sd4, Stockfish nur
noch +0,40 für Weiss} f6? {dieses Endspiel überfordert die Möglichkeiten
beider Geräte, das ist wieder ein Verlustzug, Stockfish +3,50 für Weiss mit
der Fortsetzung Lg4} 37. exf6+ {deutlich schwächer als Lg4, Weiss bleibt
aber klar im Vorteil mit ca. +2,00} Nxf6 38. fxg5 hxg5 39. Nd4 Nxd4 40.
Kxd4 {die Stellung ist schon klar verloren für Schwarz, Stockfish -3,50}
gxh4 41. gxh4 Kg6 42. Ke5 {Stockfish +6,30 für Weiss} Kf7 43. Be2 Kg7 44.
Ke6 Ne4 45. Bc4 Kf8 46. h5 Nd2 47. a4 Ke8 48. h6 Kf8 49. Bd5 Kg8 50. Kxe7+
Kh7 51. Kd6 Kxh6 52. Kc6 Kg5 53. Kxb6 Kf4 54. b4 axb4 55. a5 {Rest
geschenkt} 1-0
[/pgn]
[pgn]

[Event "Turnier 40 / 120"]
[Site "Wien"]
[Date "2022.02.12"]
[Round "54"]
[White "MCGP ARM CORTEX M4 - 120 MHZ"]
[Black "MCGE ARM CORTEX M7 - 300 MHZ"]
[Result "0-1"]
[BlackElo "2405"]
[WhiteElo "2291"]

1. e4 e6 2. d4 d5 3. Nd2 Nf6 4. e5 Nfd7 5. Bd3 c5 6. c3 b6 7. f4 {Buchende}
Ba6 8. Bxa6 {Buchbewertung MCGP: 0,00} Nxa6 {Buchende} 9. Ne2 Be7
{Buchbewertung MCGE: +0,29} 10. O-O g6 {Buchzug / Buchende, ein schlechter
Buchzug, Stockfish +1,60 für Weiss mit der Fortsetzung g4, deutlich besser
ist Sc7 mit geringem Vorteil für Weiss} 11. Nf3 O-O {wieder war Sc7 die
klar bessere Wahl, Stockfish +1,60 für Weiss mit der Fortsetzung g4} 12.
Qd3 Nab8 {deutlich besser ist Sc7, Stockfish +2,00 für Weiss mit der
Fortsetzung g4} 13. Be3 Nc6 14. Qb5 Qc7 15. Rad1 a6 16. Qd3 cxd4 17. Bxd4
{deutlich besser ist cxd4, die Stellung ist im Lot} b5 18. Be3 Na5 19. Nfd4
Rac8 20. Bc1 Nc6 21. Nb3 Nb6 22. Rf2 b4! {die stärkste Fortsetzung
Stockfish +0,80 für Schwarz} 23. Qxa6? {ein schwacher Zug der Schwarz
bereits entscheidend in Vorteil bringt, Stockfish +2,50 mit der Fortsetzung
Sc4, deutlich besser ist g4 mit geringem Vorteil für Schwarz} Ra8? {um 1,50
Bauerneinheiten schwächer als Sc4, Stockfish +0,80 für Schwarz} 24. Qd3
Rxa2 25. Nbd4 Rfa8 26. Qh3? {ein schwacher Zug, der Schwarz wieder ganz
klar in Vorteil bringt, Stockfish +2,20 mit der Fortsetzung Lc5, nötig war
f5 mit knappem Vorteil für Scharz} Nxd4? {beide Geräte haben kein
Verständnis für diese Stellung, dieser Zug vergibt jeglichen Vorteil, die
Stellung ist wieder im Lot} 27. cxd4 Qc2 28. Rdf1 Qe4 29. Re1? {der nächste
ganz schwache Zug, der die Partie praktisch schon verliert, Stockfish +3,00
für Schwarz mit der Fortsetzung Sc4, nötig war g4 und alles ist im Lot} Nc4
30. Kf1? {deutlich mehr Wiederstand bot noch f5, Stockfish +7,00 für
Schwarz mit der Fortsetzung Sxb2} Ra1? {ein unverständlicher Zug, nach Sxb2
hat Schwarz einen weit vorgerückten Freibauern, ausserdem droht Sd3 mit
doppelter Turmgabel, trotzdem ist die Stellung natürlich klar gewonnen für
Schwarz, Stockfish +5,00} 31. b3 Na5 {deutlich schwächer als T8a3,
Stockfish +3,50 für Schwarz mit der Fortsetzung Tf3} 32. Rf3 Qc2 33. f5
{noch das beste Stockfish allerdings +4,00 für Schwarz} exf5 34. Qh6 Bf8
35. Qd2 Rc8 36. Qxc2 Rxc2 37. Rh3 Raa2 38. Nf4 h5 39. Ne2 Kh7 40. Rf3 Bh6
41. Bxh6 Kxh6 42. Nc1 Rab2 43. Nd3 Rxb3 {da ist natürlich nichts mehr zu
holen für Weiss, Stockfish -8,00} 44. e6 fxe6 45. Rxe6 Rb1+ 46. Ne1 Rc6 47.
Rxc6 Nxc6 48. Kf2 b3 49. Rc3 Nxd4 50. Rc8 f4 51. Rh8+ Kg5 52. Rb8 Rb2+ 53.
Kg1 Rd2 54. Rxb3 Nxb3 {Rest geschenkt} 0-1
[/pgn]
[pgn]

[Event "Turnier 40 / 120"]
[Site "Wien"]
[Date "2022.02.13"]
[Round "55"]
[White "MCGE ARM CORTEX M7 - 300 MHZ"]
[Black "MCGP ARM CORTEX M4 - 120 MHZ"]
[Result "1/2-1/2"]
[BlackElo "2291"]
[WhiteElo "2405"]

1. d4 c6 2. Nf3 d5 3. c4 Nf6 4. Qc2 g6 5. Bf4 dxc4 6. Qxc4 Be6 {Buchende}
7. Qc1 {Buchende} Bg7 {Buchbewertung MCGP: -0,12} 8. e3 {Buchbewertung
MCGE: +0,12 / lt. Stockfish steht Schwarz knapp besser mit ca. +0,30} Nbd7
9. Be2 Nh5 10. Bg5 h6 11. Bh4 g5 12. Bg3 Nxg3 13. hxg3 c5 14. dxc5 Rc8 15.
Nc3 Rxc5 16. Nd4 Qa5 17. Qd2 Bc4 18. Rc1 Bxd4 19. Qxd4 e5 20. Qd2 Bxe2 21.
Qxe2 Nb6? {ein schlechter Zug, der Weiss klar in Vorteil bringt, Stockfish
+2,00, nötig war Sf6 mit nur geringem Vorteil für Weiss} 22. O-O Qb4? {der
nächste schwache Zug, der die Partie bereits klar verliert, Stockfish +4,00
für Weiss mit der Fortsetzung Dd3} 23. a3 {deutlich schwächer als Dd3,
Weiss bleibt aber klar im Vorteil mit ca. +2,80} Qb3 24. Ne4 Rxc1 25. Rxc1
O-O 26. Rc7? {deutlich besser ist g4, Stockfish +2,00 für Weiss} Qe6?
{dieser Zug verliert die Partie, Stockfish +5,00 für Weiss mit der
Fortsetzung g4, deutlich mehr Widerstand bot Td8} 27. Qd3? {um 2,50
Bauerneinheiten schwächer als g4, Stockfish +2,50 für Weiss} Rc8 28. Rxb7
Qg6 29. f3 Rc1+ 30. Kf2 Qc6 31. Rxa7 Qc2+ 32. Qxc2 Rxc2+ 33. Kg1? {mit
diesem Zug verspielt Weiss nahezu den gesamten Vorteil, Stockfish nur noch
+0,40 für Weiss mit der Fortsetzung Sd5, nötig war Ke1 mit ca. +2,00 für
Weiss} Rxb2? {doch der MCGP kommt nicht auf diese Fortsetzung, der Textzung
verliert die Partie sofort, Stockfish +4,50 für Weiss mit der Fortsetzung
Tb7} 34. Nd6? {doch dieses Endspiel ist eine Nummer zu groß für beide
Geräte, der Textzug ist um 3,50 Bauerneinheiten schlechter als Tb7,
Stockfish nur noch +0,80 für Weiss mit der Fortsetzung Sd5} Nd5 35. e4?
{verspielt den ganzen Rest des Vorteils, nach diesem Zug ist jeglicher
Vorteil dahin für Weiss, die Stellung ist Remis, Stockfish 0,00,
vorteilhaft für Weiss war Sf5} Ne3 36. Nxf7 Rxg2+ 37. Kh1 Rxg3 38. Nxe5 g4!
{der richtige Zug, die Stellung ist Remis} 39. Nxg4 Nxg4 40. fxg4 Rxg4 41.
Ra4 Rg3 42. Kh2 Rc3 43. Kg2 Kg7 44. Ra5 Kg6 45. a4 Ra3 46. Kf2 h5 47. Kg2
h4 48. Kh2 Kh6 49. Kg1 Ra2 50. Kh1 h3 51. Kg1 Rg2+ 52. Kh1 Ra2 53. Kg1 Rg2+
54. Kh1 Ra2 {Stellungswiederholung} 1/2-1/2
[/pgn]
[pgn]